Comentarios al código de trabajo

সংরক্ষণ করুন:
গ্রন্থ-পঞ্জীর বিবরন
প্রধান লেখক: Benavides Chaverri, Enrique
সংস্থা লেখক: Universidad Nacional. Facultad de Ciencis Sociales. Instituto de Estudios del Trabajo. Unidad de Extensión
বিন্যাস: পাঠ‍্য
প্রকাশিত: Heredia: UNA
ট্যাগগুলো: ট্যাগ যুক্ত করুন
কোনো ট্যাগ নেই, প্রথমজন হিসাবে ট্যাগ করুন!

MARC

LEADER 00000 a a2200000 04500
001 21527
003
040 |a CRAI/IIS  |c CRAI/IIS 
090 |a 095200  
100 |a Benavides Chaverri, Enrique  
110 |a Universidad Nacional. Facultad de Ciencis Sociales. Instituto de Estudios del Trabajo. Unidad de Extensión  
245 |a Comentarios al código de trabajo  
260 |a Heredia:   |b UNA  
300 |a 52 p.  
999 |c 13102  |d 13102